| 000 | 00669npc a2200205Ia 4500 | ||
|---|---|---|---|
| 001 | dp5/13-33337 | ||
| 003 | IT-MiCISF | ||
| 008 | 161014s9999||||xx | und|| | ||
| 040 |
_aIT-MiCISF _cIT-MiCISF |
||
| 041 | _ait | ||
| 100 | _aSacchi Paolo (a cura di) | ||
| 245 | 0 | _aIndice concettuale del medio giudaismo. 1. Famiglia | |
| 250 | _a1a ed. | ||
| 260 |
_a Magnano (BI) _bQiqajon _c2000 |
||
| 300 | _app. 107 | ||
| 500 | _ain collaborazione con Bianchi E., ChialĂ S., Garcia Martinez G., Penna R., Stemberger G., Troiani L. / famiglia, matrimonio, religioni-non-cristiane, bibbia / | ||
| 650 | _afamiglia | ||
| 942 | _cDD | ||
| 957 | _71 | ||
| 999 |
_a33337 _bsi _g1 _c206610 _d206610 |
||